ဢလွင်းမႁူဝ်ၶဵဝ်လႄႈၼၢင်းမူဝ်ၶမ်း။ (Record no. 24617)

000 -LEADER
fixed length control field 00776nam a22002177a 4500
003 - CONTROL NUMBER IDENTIFIER
control field OSt
005 - DATE AND TIME OF LATEST TRANSACTION
control field 20260122200122.0
008 - FIXED-LENGTH DATA ELEMENTS--GENERAL INFORMATION
fixed length control field 230521b ||||| |||| 00| 0 eng d
040 ## - CATALOGING SOURCE
Original cataloging agency SSBUL
Transcribing agency SSBUL
041 ## - LANGUAGE CODE
Language code of text/sound track or separate title Shan
082 ## - DEWEY DECIMAL CLASSIFICATION NUMBER
Classification number 398.2
245 ## - TITLE STATEMENT
Title ဢလွင်းမႁူဝ်ၶဵဝ်လႄႈၼၢင်းမူဝ်ၶမ်း။
260 ## - PUBLICATION, DISTRIBUTION, ETC.
Place of publication, distribution, etc. သီႇပေႃႉ
Name of publisher, distributor, etc. တိုင်းၵံပေႃၸ
300 ## - PHYSICAL DESCRIPTION
Extent 52 ၼႃႈ
Dimensions 18 ၸိၼ်ႇထီႇ
500 ## - GENERAL NOTE
General note S-SAT: Dr. Prof Sai Aung Tun
General note ပပ်ႉၸဝ်ႈတႃႇၼႁင်းၶေႃ တွၵ်ႉတိူဝ်ႇၸႆးဢွင်ႇထုၼ်း
650 ## - SUBJECT ADDED ENTRY--TOPICAL TERM
Topical term or geographic name entry element ဢပုမ်ႇတႆး
942 ## - ADDED ENTRY ELEMENTS (KOHA)
Koha item type Book (Short term)
650 ## - SUBJECT ADDED ENTRY--TOPICAL TERM
9 (RLIN) 21391
Source of classification or shelving scheme
Source of classification or shelving scheme
Holdings
Withdrawn status Lost status Source of classification or shelving scheme Damaged status Not for loan Collection Code Permanent Location Current Location Shelving location Date acquired Total Checkouts Full call number Barcode Date last seen Copy number Price effective from Koha item type Accession
          Special Collections Shan State Buddhist University Library Shan State Buddhist University Library Special Collection Shelves 21/05/2023   398.2 ဢ ႒႕႓႐ S-SAT SH00002530 21/05/2023 1 21/05/2023 Book (Short term) ႒႕႓႐ S-SAT

Library - 09407999929
Admin Office - 09407999979
Dean Office - 09250910768
Registrar Office - 09892297154
Email - [email protected]
Shan State Buddhist University, Phaya Phyu Taunggyi, Shan State, Myanmar.